Представление документа в формате MARC21

ПолеНазваниеЗначение
  Тип записи a
  Библиографический уровень m
001 Контрольный номер RU\infra-m\znanium\bibl\2231638
005 Дата корректировки 20260429142156.4
008 Кодируемые данные 251203s2025 RU g rus u
020 Индекс ISBN __
a ISBN 978-5-16-021595-2
020 Индекс ISBN __
a ISBN 978-5-16-108359-8 (электр. издание)
040 Источник каталогиз. __
a Служба первич. каталог. Общество с ограниченной ответственностью «ЗНАНИУМ»
041 Код языка издания __
a Код языка текста rus
044 Код страны публикации __
a Код страны публикации RU
080 Индекс УДК __
a Индекс УДК 614.2+572.9(075.8)
084 Индекс другой классификации/Индекс ББК __
2 Источник индекса rubbk
a Индекс другой классификации/Индекс ББК 51.1я73
084 Индекс другой классификации/Индекс ББК __
2 Источник индекса okso
a Индекс другой классификации/Индекс ББК 31.05.01
084 Индекс другой классификации/Индекс ББК __
2 Источник индекса okso
a Индекс другой классификации/Индекс ББК 31.05.02
084 Индекс другой классификации/Индекс ББК __
2 Источник индекса okso
a Индекс другой классификации/Индекс ББК 31.05.03
084 Индекс другой классификации/Индекс ББК __
2 Источник индекса okso
a Индекс другой классификации/Индекс ББК 44.03.05
084 Индекс другой классификации/Индекс ББК __
2 Источник индекса okso
a Индекс другой классификации/Индекс ББК 51.03.01
100 Автор __
a Автор Михель Д.В.
q Полное имя Михель Дмитрий Викторович
u Дополнение Российская академия народного хозяйства и государственной службы при Президенте РФ
245 Заглавие __
a Заглавие Медицинская антропология
b Продолж. заглавия Учебное пособие
c Ответственность Российская академия народного хозяйства и государственной службы при Президенте РФ
250 Сведения об издании __
a Основные сведения об издании 1
260 Выходные данные __
a Место издания Москва
b Издательство ООО "Научно-издательский центр ИНФРА-М"
c Дата издания 2026
300 Физическое описание __
a Объем 338 с.
440 Серия __
a Серия Высшее образование
520 Аннотация __
a Аннотация В учебном пособии изложены цели и задачи медицинской антропологии как междисциплинарной сферы научного знания обсуждается круг ее основных проблем. Рассмотрены наиболее значимые предметные области дисциплины: здоровье и болезнь в контексте культуры системы врачевания (народная медицина и биомедицина) гуманитарные проблемы репродуктивного и психического здоровья и др. Соответствует требованиям федеральных государственных образовательных стандартов высшего образования последнего поколения. Для научных работников преподавателей и студентов гуманитарных и медицинских вузов обучающихся по программам бакалавриата и магистратуры всех интересующихся медицинской антропологией.
521 Примеч. о цел. назн. __
a Примеч. о целев. назн. ВО - Бакалавриат
650 Тематические рубрики __
a Основная рубрика Медицина. Фармакология
x Основная подрубрика Медикобиологические дисциплины
655 Указ. предметных рубрик (устаревшее) __
a Жанр/ форма (устаревшее) Учебное пособие
856 Электронный адрес документа 4_
a Имя сервера/домена znanium.ru
m Помощь ebs_support@infra-m.ru
n Местонахождение сервера НИЦ ИНФРА-М
u URL https://znanium.ru/catalog/document?id=473520
856 Электронный адрес документа 48
a Имя сервера/домена znanium.ru
d Путь /cover/2231
f Электронное имя 2231638.jpg
q Тип электронного формата image/jpeg
u URL https://znanium.ru/cover/2231/2231638.jpg
911 __
u 0030=https://znanium.ru/catalog/document?id=473520